000 00834nam a22002057a 4500
999 _c20225
_d20225
008 240507b ||||| |||| 00| 0 eng d
020 _a9919108018
082 _aDFil 321.9599
_bD36 1988
100 _aDe Dios, Aurora Javate.
_956905
245 _aDictatorship and revolution :
_broots of people's power /
_cAurora Javate-De Dios, Petronilo BN. Daroy, and Lorna Kalawa-Tirol.
250 _aFirst edition.
260 _aMetro Manila :
_bConspectus Foundation Incorporated /
_c©1988.
300 _axvi, 902 pages :
_billustrations ;
_c22 cm.
500 _aIncludes bibliography and index.
650 _zPhilippines
_xPolitical economy
_x966-1987.
_957283
650 _zPhilippines
_xHistory
_x1972-1986.
_957284
700 _aDaroy, Petronilo BN.
_eauthor.
_956906
700 _aKalaw-Tirol, Lorna.
_eauthor.
_956907
942 _2ddc
_cDFIL